the study on household livelihood in chulsa commune, chulki district, kampong chhnang province (Record no. 18719)
[ view plain ]
| 000 -LEADER | |
|---|---|
| fixed length control field | 00488nam a22001577a 4500 |
| 003 - CONTROL NUMBER IDENTIFIER | |
| control field | LRUA |
| 005 - DATE AND TIME OF LATEST TRANSACTION | |
| control field | 20200114144558.0 |
| 008 - FIXED-LENGTH DATA ELEMENTS--GENERAL INFORMATION | |
| fixed length control field | 200114b xxu||||| |||| 00| 0 eng d |
| 040 ## - CATALOGING SOURCE | |
| Transcribing agency | RUA |
| 082 ## - DEWEY DECIMAL CLASSIFICATION NUMBER | |
| Classification number | AED SAT 2016 B657 Or.1 |
| 100 ## - MAIN ENTRY--PERSONAL NAME | |
| 9 (RLIN) | 14110 |
| Personal name | SAT CHHENGLY សាត ឈៀងលី |
| 245 ## - TITLE STATEMENT | |
| Title | the study on household livelihood in chulsa commune, chulki district, kampong chhnang province |
| 260 ## - PUBLICATION, DISTRIBUTION, ETC. (IMPRINT) | |
| Place of publication, distribution, etc. | RUA |
| Name of publisher, distributor, etc. | phnom penh |
| Date of publication, distribution, etc. | 2016 |
| 300 ## - PHYSICAL DESCRIPTION | |
| Extent | xii;47p |
| Other physical details | ill; |
| Dimensions | 29cm |
| 942 ## - ADDED ENTRY ELEMENTS (KOHA) | |
| Source of classification or shelving scheme | |
| Koha item type | AED |
| Price effective from | Date last seen | Permanent Location | Not for loan | Date acquired | Source of classification or shelving scheme | Koha item type | Lost status | Withdrawn status | Date last checked out | Total Checkouts | Shelving location | Damaged status | Barcode | Current Location | Full call number |
|---|---|---|---|---|---|---|---|---|---|---|---|---|---|---|---|
| 2020-01-14 | 2020-01-14 | Library Block B | 2020-01-14 | AED | B657 | A43234 | Library Block B | AED SAT 2016 B657 Or.1 | |||||||
| 2020-01-14 | 2025-10-07 | Library Block B | 2020-01-14 | AED | 2025-06-19 | 1 | B657 | A42579 | Library Block B | AED SAT 2016 B657 Or.2 | |||||
| 2020-01-14 | 2020-01-14 | Library Block B | 2020-01-14 | AED | B657 | A42799 | Library Block B | AED SAT 2016 B657 Or.3 | |||||||
| 2020-01-14 | 2020-01-14 | Library Block B | 2020-01-14 | AED | B657 | A42322 | Library Block B | AED SAT 2016 B657 Or.4 | |||||||
| 2020-01-14 | 2020-01-14 | Library Block B | 2020-01-14 | AED | B657 | D43324 | Library Block B | AED SAT 2016 B657 Or.5 | |||||||
| 2020-01-14 | 2026-03-19 | Library Block B | 2020-01-14 | AED | 2026-03-05 | 4 | B657 | A42874 | Library Block B | AED SAT 2016 B657 Or.6 |